[Event "Mittelfranken Landesliga Sued 2122"]
[Site "Mittelfranken"]
[Date "2022.03.20"]
[Round "4.7"]
[White "Czap, Bernard"]
[Black "Herich, Manfred"]
[Result "1/2-1/2"]
[WhiteElo "2057"]
[BlackElo "2104"]
[PlyCount "54"]
[EventDate "2021.10.24"]
[EventType "team-tourn"]
[EventRounds "9"]
[EventCountry "GER"]
[SourceTitle "EXT 2024"]
[Source "ChessBase"]
[SourceDate "2023.10.10"]
[SourceVersion "1"]
[SourceVersionDate "2023.10.10"]
[SourceQuality "1"]
[WhiteTeam "Unterhaching"]
[BlackTeam "Muenchen Tarrasch"]
[WhiteTeamCountry "GER"]
[BlackTeamCountry "GER"]

1. c4 e5 2. g3 Nf6 3. Bg2 Nc6 4. Nc3 Bc5 5. a3 a5 6. e3 0-0 7. Nge2 Re8 8. 0-0 Bf8 9. d4 d6 10. d5 Ne7 11. e4 Bd7 12. b3 Kh8 13. h3 c6 14. Be3 cxd5 15. cxd5 b5 16. Qd3 Qb8 17. Rfc1 Rc8 18. f4 g6 19. fxe5 dxe5 20. a4 b4 21. Nd1 Ne8 22. Nb2 Rxc1+ 23. Rxc1 Nc8 24. Nc4 f6 25. g4 Ned6 26. Ng3 Nxc4 27. Qxc4 Bd6 1/2-1/2

[Event "Landesliga Sued 1718"]
[Site "Bayern"]
[Date "2018.03.18"]
[Round "8.6"]
[White "Herich, Manfred"]
[Black "Schreiner, Richard"]
[Result "1/2-1/2"]
[WhiteElo "2102"]
[BlackElo "2195"]
[PlyCount "113"]
[EventDate "2017.10.22"]
[EventType "team-tourn"]
[EventRounds "9"]
[EventCountry "GER"]
[SourceTitle "EXT 2022"]
[Source "ChessBase"]
[SourceDate "2021.10.06"]
[SourceVersion "1"]
[SourceVersionDate "2021.10.06"]
[SourceQuality "1"]
[WhiteTeam "Muenchen Tarrasch"]
[BlackTeam "Garching II"]
[WhiteTeamCountry "GER"]
[BlackTeamCountry "GER"]

1. b3 e5 2. Bb2 Nc6 3. e3 f5 4. Bb5 d6 5. d4 exd4 6. Bxd4 Bd7 7. Bb2 Nf6 8. Nf3 Be7 9. 0-0 a6 10. Bd3 Qc8 11. Nbd2 0-0 12. a3 Ng4 13. Re1 Qd8 14. Ra2 Bf6 15. Qa1 Bxb2 16. Qxb2 Nce5 17. h3 Nxd3 18. cxd3 Nh6 19. Qd4 Kh8 20. Rc2 Bc6 21. Qf4 Qe7 22. Rec1 Rac8 23. Nc4 Bxf3 24. Qxf3 c6 25. b4 d5 26. Nd2 Nf7 27. Nb3 Ne5 28. Qe2 Rf7 29. Re1 Rg8 30. Nd4 g5 31. f4 Ng6 32. fxg5 Qxg5 33. Ne6 Qe7 34. Nf4 Ne5 35. Qf2 Qf6 36. Kf1 Qh6 37. Ra2 Re8 38. a4 Qd6 39. Qb2 Kg8 40. Qd4 Ng6 41. Ree2 Qe5 42. Qxe5 Rxe5 43. Nxg6 hxg6 44. g3 Kg7 45. d4 Re4 46. h4 g5 47. hxg5 Kg6 48. Kf2 Kxg5 49. Kf3 Rh7 50. Rh2 Ree7 51. b5 cxb5 52. Rxh7 Rxh7 53. axb5 Rh6 54. bxa6 bxa6 55. Ra5 Rd6 56. Rc5 Rd7 57. Ra5 1/2-1/2

[Event "Landesliga Sued 1718"]
[Site "Bayern"]
[Date "2017.11.26"]
[Round "3.6"]
[White "Herich, Manfred"]
[Black "Giss, Helene"]
[Result "1/2-1/2"]
[WhiteElo "2102"]
[BlackElo "2031"]
[PlyCount "55"]
[EventDate "2017.10.22"]
[EventType "team-tourn"]
[EventRounds "9"]
[EventCountry "GER"]
[SourceTitle "EXT 2022"]
[Source "ChessBase"]
[SourceDate "2021.10.06"]
[SourceVersion "1"]
[SourceVersionDate "2021.10.06"]
[SourceQuality "1"]
[WhiteTeam "Muenchen Tarrasch"]
[BlackTeam "Dillingen"]
[WhiteTeamCountry "GER"]
[BlackTeamCountry "GER"]

1. b3 e6 2. Bb2 Nf6 3. g3 d5 4. Bg2 c5 5. Nf3 Nc6 6. 0-0 Be7 7. d3 b6 8. Nbd2 Bb7 9. Ne5 Qc7 10. f4 d4 11. Nxc6 Bxc6 12. Bxc6+ Qxc6 13. e4 h5 14. h3 0-0-0 15. Nf3 Nd7 16. c3 dxc3 17. Bxc3 Bf6 18. Qc2 Bxc3 19. Qxc3 f6 20. Nd4 Qd6 21. Nb5 Qb8 22. Qc4 Rhe8 23. Nd4 Ne5 24. Qa6+ Qb7 25. Qxb7+ Kxb7 26. fxe5 Rxd4 27. exf6 gxf6 28. Rxf6 1/2-1/2

[Event "Landesliga Sued 1415"]
[Site "Bayern"]
[Date "2014.11.09"]
[Round "2.5"]
[White "Bensch, Patrick"]
[Black "Herich, Manfred"]
[Result "1-0"]
[WhiteElo "2139"]
[BlackElo "2073"]
[PlyCount "120"]
[EventDate "2014.10.19"]
[EventType "team-tourn"]
[EventRounds "9"]
[EventCountry "GER"]
[SourceTitle "EXT 2018"]
[Source "ChessBase"]
[SourceDate "2017.10.13"]
[SourceVersion "1"]
[SourceVersionDate "2017.10.13"]
[SourceQuality "1"]
[WhiteTeam "Rottal"]
[BlackTeam "Muenchen Tarrasch"]
[WhiteTeamCountry "GER"]
[BlackTeamCountry "GER"]

1. e4 e5 2. Nf3 Nf6 3. Nxe5 d6 4. Nf3 Nxe4 5. Nc3 Nf6 6. d4 Be7 7. Bd3 0-0 8. h3 Re8 9. 0-0 Nbd7 10. Re1 Nf8 11. d5 c6 12. dxc6 bxc6 13. Nd4 Bd7 14. Qf3 d5 15. Bf4 Bc5 16. Nf5 Ng6 17. Bg3 Bxf5 18. Bxf5 Bd6 19. Rxe8+ Nxe8 20. Re1 Bxg3 21. Qxg3 Nd6 22. Bd3 Qf6 23. Bxg6 hxg6 24. Qd3 a5 25. Na4 Qf4 26. b3 Nf5 27. Qc3 Qb4 28. Rd1 Qxc3 29. Nxc3 Kf8 30. Na4 Ke7 31. c4 Rd8 32. cxd5 Rxd5 33. Rc1 Kd6 34. Nb6 Nd4 35. Kf1 Rb5 36. Nc4+ Kc7 37. Rd1 Nf5 38. g4 Ne7 39. Re1 Nd5 40. Re8 a4 41. Rf8 axb3 42. Rxf7+ Kd8 43. axb3 Rxb3 44. h4 Rb4 45. Ne5 Re4 46. Nxg6 Rxg4 47. Rxg7 Nf4 48. Nxf4 Rxf4 49. h5 Rh4 50. Rh7 Ke8 51. Kg2 Kf8 52. Kg3 Kg8 53. Rh6 Rc4 54. f4 Rc1 55. Kg4 Kg7 56. Rg6+ Kf7 57. Kg5 c5 58. Rc6 c4 59. Rc7+ Kg8 60. Kg6 Rg1+ 1-0

[Event "Landesliga Sued 1415"]
[Site "Bayern"]
[Date "2014.10.19"]
[Round "1.5"]
[White "Firlbeck, Hubert"]
[Black "Herich, Manfred"]
[Result "0-1"]
[WhiteElo "2080"]
[BlackElo "2073"]
[PlyCount "54"]
[EventDate "2014.10.19"]
[EventType "team-tourn"]
[EventRounds "9"]
[EventCountry "GER"]
[SourceTitle "EXT 2018"]
[Source "ChessBase"]
[SourceDate "2017.10.13"]
[SourceVersion "1"]
[SourceVersionDate "2017.10.13"]
[SourceQuality "1"]
[WhiteTeam "Deggendorf"]
[BlackTeam "Muenchen Tarrasch"]
[WhiteTeamCountry "GER"]
[BlackTeamCountry "GER"]

1. d4 Nf6 2. Bf4 d5 3. e3 c5 4. c3 Qb6 5. Qb3 c4 6. Qc2 Nc6 7. Nd2 Bg4 8. Be2 Rc8 9. Bxg4 Nxg4 10. Qf5 e6 11. Qxg4 Qxb2 12. Rd1 Qxc3 13. Ne2 Qc2 14. 0-0 f5 15. Qf3 Bb4 16. e4 dxe4 17. Qh5+ g6 18. Qh6 Bf8 19. Qh4 Be7 20. Bg5 c3 21. Bxe7 Nxe7 22. Qf6 Rf8 23. Qxe6 cxd2 24. d5 Qxa2 25. Rxd2 Qxd2 26. d6 Rf7 27. Nf4 Rc6 0-1

[Event "Nittenau-ch 14th"]
[Site "Nittenau"]
[Date "2014.09.07"]
[Round "4"]
[White "Nussbaumer, Johann"]
[Black "Herich, Manfred"]
[Result "1/2-1/2"]
[WhiteElo "2042"]
[BlackElo "2191"]
[PlyCount "41"]
[EventDate "2014.09.05"]
[EventType "swiss"]
[EventRounds "5"]
[EventCountry "GER"]
[SourceTitle "CBM 162 Extra"]
[Source "ChessBase"]
[SourceDate "2014.10.17"]
[SourceVersion "1"]
[SourceVersionDate "2014.10.17"]
[SourceQuality "1"]

1. d4 Nf6 2. c4 e6 3. Nc3 d5 4. Nf3 c6 5. cxd5 exd5 6. Qc2 Bg4 7. Ne5 Bh5 8. Bg5 Be7 9. e3 Nbd7 10. Nxd7 Nxd7 11. Bxe7 Qxe7 12. Bd3 Nf6 13. 0-0 0-0 14. Rab1 Bg6 15. b4 Rfd8 16. Rfd1 Ne8 17. b5 c5 18. Bxg6 hxg6 19. dxc5 Qxc5 20. Ne2 Qb6 21. Nd4 1/2-1/2

[Event "Landesliga Sued 0708"]
[Site "Bayern"]
[Date "2008.02.17"]
[Round "6.2"]
[White "Kuenzner, Franz"]
[Black "Herich, Manfred"]
[Result "1-0"]
[WhiteElo "2267"]
[BlackElo "2206"]
[PlyCount "73"]
[EventDate "2007.10.21"]
[EventType "team-tourn"]
[EventRounds "9"]
[EventCountry "GER"]
[SourceTitle "EXT 2009"]
[Source "ChessBase"]
[SourceDate "2008.11.26"]
[SourceVersion "1"]
[SourceVersionDate "2008.11.26"]
[SourceQuality "1"]
[WhiteTeam "Sendling"]
[BlackTeam "Bayern Muenchen III"]
[WhiteTeamCountry "GER"]
[BlackTeamCountry "GER"]

1. c4 c6 2. e3 g6 3. Nc3 Bg7 4. Be2 Nf6 5. Nf3 0-0 6. b3 Ne4 7. Bb2 Nxc3 8. Bxc3 Bxc3 9. dxc3 c5 10. h4 Qb6 11. h5 Qf6 12. Qd2 g5 13. h6 Kh8 14. e4 g4 15. Nh2 d6 16. Bxg4 Nc6 17. 0-0-0 Rg8 18. f3 Ne5 19. Bxc8 Raxc8 20. Nf1 b5 21. cxb5 c4 22. Ne3 cxb3 23. axb3 e6 24. Kb1 Rb8 25. c4 a6 26. Qb2 Rb6 27. Rd2 axb5 28. Rhd1 Qg5 29. Rxd6 Rxd6 30. Rxd6 f6 31. Qd2 Qxh6 32. cxb5 Qh1+ 33. Kb2 Nf7 34. Rd7 Ra8 35. Nc2 Qh5 36. b6 Kg7 37. b7 1-0

[Event "Landesliga Sued 0708"]
[Site "Bayern"]
[Date "2007.12.09"]
[Round "4.2"]
[White "Knitl, Anton"]
[Black "Herich, Manfred"]
[Result "1/2-1/2"]
[WhiteElo "2178"]
[BlackElo "2206"]
[PlyCount "70"]
[EventDate "2007.10.21"]
[EventType "team-tourn"]
[EventRounds "9"]
[EventCountry "GER"]
[SourceTitle "EXT 2009"]
[Source "ChessBase"]
[SourceDate "2008.11.26"]
[SourceVersion "1"]
[SourceVersionDate "2008.11.26"]
[SourceQuality "1"]
[WhiteTeam "Freising"]
[BlackTeam "Bayern Muenchen III"]
[WhiteTeamCountry "GER"]
[BlackTeamCountry "GER"]

1. d4 Nf6 2. Nf3 e6 3. g3 b5 4. Bg2 Bb7 5. 0-0 c5 6. a4 b4 7. c4 cxd4 8. Nbd2 Qc8 9. Nxd4 Bxg2 10. Kxg2 Nc6 11. N2f3 Nxd4 12. Qxd4 Bc5 13. Qd3 Qb7 14. Be3 Rc8 15. Rac1 0-0 16. Kg1 h6 17. Bd4 Ne4 18. Nd2 Nxd2 19. Qxd2 d5 20. Bxc5 Rxc5 21. cxd5 Rxd5 22. Qc2 Rfd8 23. Rfd1 b3 24. Rxd5 Qxd5 25. Qc7 Rd7 26. Qf4 Kh7 27. Qe3 Qd2 28. Qxd2 Rxd2 29. Rc7 a5 30. Rxf7 Rxb2 31. Rb7 Kg6 32. Kg2 Rxe2 33. Rxb3 Ra2 34. Re3 Rxa4 35. Rxe6+ Kf7 1/2-1/2

[Event "Bayern-ch 78th"]
[Site "Vaterstetten"]
[Date "2007.08.23"]
[Round "7"]
[White "Herich, Manfred"]
[Black "Kaeck, Ralf"]
[Result "1-0"]
[WhiteElo "2206"]
[BlackElo "1926"]
[PlyCount "52"]
[EventDate "2007.08.18"]
[EventType "swiss"]
[EventRounds "9"]
[EventCountry "GER"]
[SourceTitle "EXT 2015"]
[Source "ChessBase"]
[SourceDate "2014.11.20"]
[SourceVersion "1"]
[SourceVersionDate "2014.11.20"]
[SourceQuality "1"]

1. b3 f5 2. Bb2 Nf6 3. Nf3 g6 4. g3 Bg7 5. Bg2 0-0 6. 0-0 d6 7. d4 Qe8 8. Nbd2 Nc6 9. Nc4 h6 10. Ne1 g5 11. e3 f4 12. exf4 gxf4 13. Nd3 Nh5 14. Bf3 fxg3 15. Bxh5 gxh2+ 16. Kh1 Qd7 17. c3 Qh3 18. Ne3 e5 19. dxe5 Nxe5 20. Nxe5 Bxe5 21. Bg4 Qh4 22. Qd5+ Kh8 23. Bxc8 Raxc8 24. Ng2 Qg4 25. f4 Qe2 26. Rab1 Qc2 1-0

[Event "Bayern-ch 78th"]
[Site "Vaterstetten"]
[Date "2007.08.20"]
[Round "4"]
[White "Hackbarth, Wolfgang"]
[Black "Herich, Manfred"]
[Result "1-0"]
[WhiteElo "2064"]
[BlackElo "2206"]
[PlyCount "79"]
[EventDate "2007.08.18"]
[EventType "swiss"]
[EventRounds "9"]
[EventCountry "GER"]
[SourceTitle "EXT 2015"]
[Source "ChessBase"]
[SourceDate "2014.11.20"]
[SourceVersion "1"]
[SourceVersionDate "2014.11.20"]
[SourceQuality "1"]

1. c4 e6 2. d4 Nf6 3. Nc3 Bb4 4. Qb3 c5 5. e3 Nc6 6. Nf3 d5 7. dxc5 0-0 8. Be2 Ne4 9. 0-0 Nxc5 10. Qc2 dxc4 11. Bxc4 Nd7 12. Bd3 g6 13. Rd1 Qe7 14. e4 Nde5 15. Nxe5 Nxe5 16. Bf4 Qf6 17. Bg3 Bd7 18. a3 Be7 19. Bb5 Bxb5 20. Nxb5 Rac8 21. Qb3 Bc5 22. h3 Nc4 23. Rab1 a6 24. Nc3 Qg5 25. Na4 Nd2 26. Rxd2 Qxd2 27. Nxc5 Rxc5 28. Qxb7 Qd3 29. Re1 Rfc8 30. Kh2 Qb5 31. Qe7 Qxb2 32. Re3 e5 33. Rf3 R5c7 34. Qf6 Re8 35. Qxa6 Re6 36. Qa8+ Kg7 37. Qd8 Qb7 38. Bh4 Rcc6 39. Bg5 f6 40. Rb3 1-0

[Event "Regionalliga SW 0607"]
[Site "Bayern"]
[Date "2007.04.01"]
[Round "8.1"]
[White "Herich, Manfred"]
[Black "Dirr, Ulrich"]
[Result "1/2-1/2"]
[WhiteElo "2229"]
[BlackElo "2240"]
[PlyCount "31"]
[EventDate "2006.10.15"]
[EventType "team-tourn"]
[EventRounds "9"]
[EventCountry "GER"]
[SourceTitle "EXT 2008"]
[Source "ChessBase"]
[SourceDate "2007.11.25"]
[SourceVersion "1"]
[SourceVersionDate "2007.11.25"]
[SourceQuality "1"]
[WhiteTeam "Bayern Muenchen III"]
[BlackTeam "Zugzwang MSA"]
[WhiteTeamCountry "GER"]
[BlackTeamCountry "GER"]

1. b3 e5 2. Bb2 Nc6 3. e3 d5 4. Bb5 f6 5. d4 exd4 6. exd4 Bd6 7. Ne2 Nh6 8. Bc1 Nf5 9. c3 0-0 10. 0-0 Nce7 11. Bf4 Ng6 12. Bg3 Bxg3 13. hxg3 Nd6 14. Bd3 Bf5 15. Bxf5 Nxf5 16. Qd3 1/2-1/2

[Event "Regionalliga SW 0607"]
[Site "Bayern"]
[Date "2007.02.25"]
[Round "6.2"]
[White "Schwarzberg, Ilja"]
[Black "Herich, Manfred"]
[Result "0-1"]
[WhiteElo "2105"]
[BlackElo "2215"]
[PlyCount "36"]
[EventDate "2006.10.15"]
[EventType "team-tourn"]
[EventRounds "9"]
[EventCountry "GER"]
[SourceTitle "EXT 2008"]
[Source "ChessBase"]
[SourceDate "2007.11.25"]
[SourceVersion "1"]
[SourceVersionDate "2007.11.25"]
[SourceQuality "1"]
[WhiteTeam "Muenchen Tarrasch II"]
[BlackTeam "Bayern Muenchen III"]
[WhiteTeamCountry "GER"]
[BlackTeamCountry "GER"]

1. e4 e5 2. d4 exd4 3. Qxd4 Nc6 4. Qa4 Bb4+ 5. Nc3 Bxc3+ 6. bxc3 Qf6 7. Ne2 d6 8. Be3 Nge7 9. Nd4 Bd7 10. Qb3 Rb8 11. Be2 0-0 12. 0-0 Qg6 13. Rad1 Bh3 14. Bf3 Ne5 15. g3 Bxf1 16. Bh1 Bc4 17. Qa4 c5 18. Nf3 Qh5 0-1

[Event "Munich-ch MK"]
[Site "Munich"]
[Date "2006.03.04"]
[Round "10"]
[White "Herich, Manfred"]
[Black "Basener, Winfried"]
[Result "1-0"]
[WhiteElo "2221"]
[BlackElo "2214"]
[PlyCount "79"]
[EventDate "2006.01.20"]
[EventType "tourn"]
[EventRounds "11"]
[EventCountry "GER"]
[SourceTitle "EXT 2007"]
[Source "ChessBase"]
[SourceDate "2006.11.23"]
[SourceVersion "1"]
[SourceVersionDate "2006.11.23"]
[SourceQuality "1"]

1. b3 e5 2. Bb2 d6 3. e3 Be7 4. Nf3 Nf6 5. Be2 Nbd7 6. 0-0 c6 7. c4 Qc7 8. Nc3 0-0 9. Rc1 Re8 10. d4 Bf8 11. Re1 g6 12. Qc2 Bg7 13. Rcd1 a5 14. Ba3 Bf8 15. Bf1 e4 16. Nd2 Ng4 17. d5 f5 18. Be2 Nde5 19. dxc6 bxc6 20. Nf1 Be6 21. Rd2 Rad8 22. Red1 h5 23. Bb2 Qe7 24. h3 Qh4 25. hxg4 hxg4 26. Nxe4 fxe4 27. Bxe5 dxe5 28. Rxd8 Rxd8 29. Rxd8 Qxd8 30. Qxe4 Bf5 31. Qxc6 Kh7 32. e4 Bc8 33. g3 Bb4 34. Ne3 Qd2 35. Qxc8 Qxe2 36. Qd7+ Kh6 37. Qd1 Qxa2 38. Nxg4+ Kg5 39. Nxe5 Bc5 40. Qd8+ 1-0

[Event "Munich-ch MK"]
[Site "Munich"]
[Date "2006.01.21"]
[Round "2"]
[White "Jovanovic, Momir"]
[Black "Herich, Manfred"]
[Result "1-0"]
[WhiteElo "2078"]
[BlackElo "2221"]
[PlyCount "124"]
[EventDate "2006.01.20"]
[EventType "tourn"]
[EventRounds "11"]
[EventCountry "GER"]
[SourceTitle "EXT 2007"]
[Source "ChessBase"]
[SourceDate "2006.11.23"]
[SourceVersion "1"]
[SourceVersionDate "2006.11.23"]
[SourceQuality "1"]

1. b4 e6 2. Bb2 Nf6 3. b5 b6 4. e3 Bb7 5. f4 d6 6. Nf3 Nbd7 7. Be2 Be7 8. 0-0 0-0 9. c4 Ne4 10. Qc2 Bf6 11. d4 Be7 12. Bd3 f5 13. Nc3 Ndf6 14. a4 Nxc3 15. Qxc3 Ne4 16. Qc2 Bf6 17. a5 Rb8 18. Rfd1 h6 19. Qb3 Qe8 20. Nd2 Nxd2 21. Rxd2 Kh8 22. Bf1 Be4 23. axb6 axb6 24. Ra7 Rb7 25. Ra6 Rb8 26. Bc3 Ra8 27. Rda2 Rc8 28. Bb4 Rg8 29. Rd2 g5 30. c5 bxc5 31. dxc5 gxf4 32. exf4 Qg6 33. Qh3 dxc5 34. Bxc5 Rcd8 35. Rxd8 Rxd8 36. Ra3 Kh7 37. Qe3 Rd1 38. Qe2 Rc1 39. Rg3 Qe8 40. Be3 Rb1 41. Bf2 Rb2 42. Qc4 Rc2 43. Qb3 Qd7 44. Re3 Rb2 45. Qc4 Bd5 46. Qc5 Be4 47. Re2 Rb1 48. Qc4 Bd3 49. Qa2 Qxb5 50. Re1 Rxe1 51. Bxe1 Bxf1 52. Qxe6 Bd4+ 53. Kh1 Bd3 54. h4 Be4 55. Qf7+ Bg7 56. Kg1 Qe2 57. Bf2 Qg4 58. Kf1 Qd1+ 59. Be1 Bd3+ 60. Kf2 Qe2+ 61. Kg3 Qxe1+ 62. Kh3 Be4 1-0

[Event "Munich-ch MK"]
[Site "Munich"]
[Date "2006.01.20"]
[Round "1"]
[White "Herich, Manfred"]
[Black "Niebergall, Gerhard"]
[Result "1/2-1/2"]
[WhiteElo "2221"]
[BlackElo "2140"]
[PlyCount "50"]
[EventDate "2006.01.20"]
[EventType "tourn"]
[EventRounds "11"]
[EventCountry "GER"]
[SourceTitle "EXT 2007"]
[Source "ChessBase"]
[SourceDate "2006.11.23"]
[SourceVersion "1"]
[SourceVersionDate "2006.11.23"]
[SourceQuality "1"]

1. d4 Nf6 2. g3 g6 3. Bg2 d5 4. Nf3 Bg7 5. 0-0 0-0 6. c4 dxc4 7. Ne5 Ne8 8. f4 c6 9. Be3 Nd6 10. Na3 b5 11. d5 Qc7 12. dxc6 a6 13. Qd4 Nf5 14. Qb6 Bxe5 15. fxe5 Qxe5 16. Bf4 Qxb2 17. Bxb8 Rxb8 18. Qxb8 Qxa3 19. Qf4 Ne3 20. Rf3 Qb2 21. Re1 Qd2 22. Ra1 Qb2 23. Qxe3 Qxa1+ 24. Rf1 Qb2 25. Qxe7 Be6 1/2-1/2

[Event "Regionalliga SW 0304"]
[Site "Bayern"]
[Date "2004.03.28"]
[Round "8.7"]
[White "Herich, Manfred"]
[Black "Karrer, Werner"]
[Result "1-0"]
[WhiteElo "2247"]
[BlackElo "1971"]
[PlyCount "115"]
[EventDate "2003.10.??"]
[EventType "team"]
[EventRounds "9"]
[EventCountry "GER"]
[SourceTitle "EXT 2006"]
[Source "ChessBase"]
[SourceDate "2005.11.24"]
[SourceVersion "1"]
[SourceVersionDate "2005.11.24"]
[SourceQuality "1"]
[WhiteTeam "Bayern Muenchen III"]
[BlackTeam "Muenchen RTA"]
[WhiteTeamCountry "GER"]
[BlackTeamCountry "GER"]

1. d4 f5 2. g3 Nf6 3. Bg2 g6 4. Nh3 Bg7 5. Nf4 Nc6 6. 0-0 e5 7. dxe5 Nxe5 8. Be3 0-0 9. Bd4 Nf7 10. c4 c6 11. Nc3 d6 12. Qa4 Qe7 13. Rac1 g5 14. Nd3 Ne5 15. Rcd1 Nxd3 16. Rxd3 f4 17. b4 Bf5 18. Rd2 a6 19. Qd1 Rae8 20. b5 axb5 21. cxb5 d5 22. bxc6 bxc6 23. e3 Ng4 24. exf4 gxf4 25. Re2 Qg5 26. Rxe8 Rxe8 27. Bxg7 Qxg7 28. Qc1 Bd3 29. Re1 Rf8 30. h3 fxg3 31. fxg3 Qd4+ 32. Kh1 Nf2+ 33. Kh2 Ne4 34. Nxe4 Bxe4 35. Bxe4 dxe4 36. Qg5+ Kh8 37. Kh1 Qf2 38. Qe5+ Kg8 39. Qxe4 Qxa2 40. Qxc6 Qf2 41. Qc4+ Kh8 42. Qc3+ Qf6 43. Qxf6+ Rxf6 44. Kg2 Kg7 45. g4 Kg6 46. h4 h6 47. Kg3 Ra6 48. Re5 Ra3+ 49. Kf4 Ra4+ 50. Re4 Ra5 51. Re6+ Kg7 52. Re5 Ra6 53. Rd5 Ra4+ 54. Kf5 h5 55. Rd7+ Kg8 56. g5 Rxh4 57. Kg6 Kf8 58. Kh7 1-0

[Event "Regionalliga SW 0304"]
[Site "Bayern"]
[Date "2004.03.07"]
[Round "7.7"]
[White "Heinrich, Lorenz"]
[Black "Herich, Manfred"]
[Result "1-0"]
[WhiteElo "1958"]
[BlackElo "2247"]
[PlyCount "59"]
[EventDate "2003.10.??"]
[EventType "team"]
[EventRounds "9"]
[EventCountry "GER"]
[SourceTitle "EXT 2006"]
[Source "ChessBase"]
[SourceDate "2005.11.24"]
[SourceVersion "1"]
[SourceVersionDate "2005.11.24"]
[SourceQuality "1"]
[WhiteTeam "Klosterlechfeld"]
[BlackTeam "Bayern Muenchen III"]
[WhiteTeamCountry "GER"]
[BlackTeamCountry "GER"]

1. e4 e5 2. Nc3 Nf6 3. Bc4 Bc5 4. d3 d6 5. f4 exf4 6. Nf3 Be6 7. Bb3 Nh5 8. d4 Bb6 9. 0-0 Nc6 10. Nd5 Bxd5 11. exd5 Ne7 12. Ng5 Nf6 13. Bxf4 h6 14. Nh3 Nfxd5 15. c3 c6 16. Qe2 Nxf4 17. Nxf4 d5 18. Rae1 Qd6 19. Nh5 g6 20. Rf6 Qd7 21. Re6 Qxe6 22. Ng7+ Kf8 23. Nxe6+ fxe6 24. Qxe6 Rh7 25. Rf1+ Ke8 26. Bc2 Rg7 27. Qf6 Rg8 28. Re1 Bd8 29. Qe6 Rg7 30. Bxg6+ 1-0